[Event "GER-ch U12 Girls"]
[Site "Willingen"]
[Date "2023.05.31"]
[Round "5"]
[White "Krannich, Eva"]
[Black "Albrecht, Sidney Jenna"]
[Result "1-0"]
[WhiteElo "1025"]
[BlackElo "1079"]
[PlyCount "147"]
[EventDate "2023.05.27"]
[EventType "swiss"]
[EventRounds "9"]
[EventCountry "GER"]
[SourceTitle "CBM 214 Extra"]
[Source "ChessBase"]
[SourceDate "2023.07.31"]
[SourceVersion "1"]
[SourceVersionDate "2023.07.31"]
[SourceQuality "1"]

1. e4 c5 2. Nc3 Nc6 3. f4 g6 4. d3 Bg7 5. Nf3 e6 6. Be2 Nge7 7. 0-0 0-0 8. Be3 b6 9. a3 d5 10. Bc1 Ba6 11. Qe1 Rb8 12. h3 Qc7 13. g4 f5 14. Qh4 Bf6 15. Ng5 Bxg5 16. Qxg5 dxe4 17. dxe4 Bxe2 18. Nxe2 fxe4 19. h4 Nd8 20. b3 Nf7 21. Qf6 Nd8 22. Qg5 h6 23. Qe5 Qxe5 24. fxe5 Rxf1+ 25. Kxf1 h5 26. gxh5 gxh5 27. Bg5 Nec6 28. Ng3 Nf7 29. Bf6 Rf8 30. Ke2 Ncxe5 31. Nxe4 Ng6 32. Rg1 Kh7 33. Bg5 Nxg5 34. Nxg5+ Kh6 35. Ke3 Nxh4 36. c4 Rf5 37. Ke4 Rxg5 38. Rf1 Rg4+ 39. Ke5 Ng6+ 40. Kxe6 h4 41. Rh1 Rd4 42. Kf6 Kh5 43. Rg1 Nf4 44. Rg5+ Kh6 45. Rg1 h3 46. Rh1 Kh5 47. Kf5 Kh4 48. Re1 Nd3 49. Re7 h2 50. Rxa7 h1Q 51. Rh7+ Kg3 52. Rxh1 Kf3 53. Rh2 Nc1 54. Rb2 Re4 55. Rb1 Nd3 56. Rf1+ Nf2 57. Rxf2+ Ke3 58. Re2+ Kxe2 59. Kxe4 Kd2 60. b4 Kc3 61. bxc5 bxc5 62. Kd5 Kb3 63. Kxc5 Ka4 64. Kd6 Kxa3 65. c5 Kb4 66. c6 Kb5 67. c7 Kb6 68. c8Q Ka7 69. Qc4 Kb7 70. Qc5 Kb8 71. Qc6 Ka7 72. Qb5 Ka8 73. Kc7 Ka7 74. Qb7# 1-0

[Event "GER-ch U12 Girls"]
[Site "Willingen"]
[Date "2023.05.31"]
[Round "6"]
[White "Myronova, Alisa"]
[Black "Krannich, Eva"]
[Result "0-1"]
[WhiteElo "1314"]
[BlackElo "1025"]
[PlyCount "82"]
[EventDate "2023.05.27"]
[EventType "swiss"]
[EventRounds "9"]
[EventCountry "GER"]
[SourceTitle "CBM 214 Extra"]
[Source "ChessBase"]
[SourceDate "2023.07.31"]
[SourceVersion "1"]
[SourceVersionDate "2023.07.31"]
[SourceQuality "1"]

1. d4 e6 2. c4 f5 3. g3 Nf6 4. Bg2 c6 5. Nf3 d5 6. cxd5 exd5 7. Nc3 Bd6 8. Qc2 0-0 9. Bd2 Ne4 10. e3 Nd7 11. 0-0 Ndf6 12. Be1 h6 13. Nxe4 fxe4 14. Nd2 Qe8 15. Nb3 Qh5 16. f3 exf3 17. Bxf3 Bg4 18. Bxg4 Nxg4 19. Rxf8+ Rxf8 20. Rd1 Nxe3 21. Qd3 Nxd1 22. Qd2 Qh3 23. Qe2 Ne3 24. Nd2 Bb4 25. Qxe3 Bxd2 26. Qe2 Be3+ 27. Bf2 Bxf2+ 28. Qxf2 Rxf2 29. Kxf2 Qxh2+ 30. Kf3 Kf7 31. b4 Kf6 32. a4 Kf5 33. g4+ Kg5 34. b5 Qh3+ 35. Kf2 Kxg4 36. bxc6 bxc6 37. a5 Kf4 38. a6 Qe3+ 39. Kg2 Qe2+ 40. Kg1 Kg3 41. Kh1 Qg2# 0-1

[Event "GER-ch U12 Girls"]
[Site "Willingen"]
[Date "2023.05.29"]
[Round "3"]
[White "Borck, Elena"]
[Black "Krannich, Eva"]
[Result "1/2-1/2"]
[WhiteElo "970"]
[BlackElo "1025"]
[PlyCount "96"]
[EventDate "2023.05.27"]
[EventType "swiss"]
[EventRounds "9"]
[EventCountry "GER"]
[SourceTitle "CBM 214 Extra"]
[Source "ChessBase"]
[SourceDate "2023.07.31"]
[SourceVersion "1"]
[SourceVersionDate "2023.07.31"]
[SourceQuality "1"]

1. Nf3 e6 2. c4 f5 3. d4 Nf6 4. Nc3 d6 5. e3 Be7 6. Bd3 0-0 7. b3 b6 8. e4 fxe4 9. Nxe4 Bb7 10. Qe2 h6 11. Bb2 Nbd7 12. 0-0 Qe8 13. d5 exd5 14. cxd5 Rc8 15. Bc4 Nxe4 16. Qxe4 Bf6 17. Qc2 Qh5 18. Bxf6 Nxf6 19. Qd3 Bxd5 20. Rad1 Bxc4 21. Qxc4+ Kh8 22. h3 Qc5 23. Qxc5 dxc5 24. Ne5 Kh7 25. Nd7 Nxd7 26. Rxd7 Rfe8 27. Rfd1 Kg8 28. R1d3 Rf8 29. Rg3 Rf7 30. Rxf7 Kxf7 31. a4 a5 32. Rf3+ Kg8 33. g4 Rf8 34. Rd3 Rc8 35. f4 c6 36. g5 hxg5 37. fxg5 b5 38. Rc3 c4 39. bxc4 bxa4 40. Ra3 Rb8 41. Rxa4 Rb4 42. Rxa5 Rxc4 43. Ra8+ Kf7 44. Kg2 c5 45. Kg3 Rc3+ 46. Kg4 Rc4+ 47. Kf5 g6+ 48. Ke5 Rc1 1/2-1/2